| 000 -LEADER |
| fixed length control field |
01136cam a2200313 a 4500 |
| 001 - CONTROL NUMBER |
| control field |
9540 |
| 003 - CONTROL NUMBER IDENTIFIER |
| control field |
BD-DhUAP |
| 005 - DATE AND TIME OF LATEST TRANSACTION |
| control field |
20200209113106.0 |
| 008 - FIXED-LENGTH DATA ELEMENTS--GENERAL INFORMATION |
| fixed length control field |
200209s2005 bg l 000 0 eng |
| 020 ## - INTERNATIONAL STANDARD BOOK NUMBER |
| Canceled/invalid ISBN |
98484660014 |
| 025 ## - OVERSEAS ACQUISITION NUMBER |
| Overseas acquisition number |
B-E-2005-386595; 24 |
| 035 ## - SYSTEM CONTROL NUMBER |
| System control number |
(DLC)2005386595 |
| 035 ## - SYSTEM CONTROL NUMBER |
| System control number |
(DLC)4429 |
| 037 ## - SOURCE OF ACQUISITION |
| Source of stock number/acquisition |
Library of Congress -- New Delhi Overseas Office |
| Terms of availability |
Tk250.00 |
| 040 ## - CATALOGING SOURCE |
| Original cataloging agency |
BD-DhUAP |
| Transcribing agency |
BD-DhUAP |
| Modifying agency |
BD-DhUAP |
| Language of cataloging |
Eng |
| 082 ## - DEWEY DECIMAL CLASSIFICATION NUMBER |
| Edition number |
23 |
| Classification number |
345.02095492 RAH |
| 100 1# - MAIN ENTRY--PERSONAL NAME |
| Personal name |
Rahman, Muhammad Mahbubur. |
| 245 10 - TITLE STATEMENT |
| Title |
Nari-o-shishu nirjatan daman ain, 2000 : |
| Remainder of title |
with latest amendments & up-to-date case laws / |
| Statement of responsibility, etc. |
Muhammad Mahbubur Rahman. |
| 250 ## - EDITION STATEMENT |
| Edition statement |
1st ed. |
| 260 ## - PUBLICATION, DISTRIBUTION, ETC. |
| Place of publication, distribution, etc. |
Dhaka : |
| Name of publisher, distributor, etc. |
New Warsi Book Corp. : |
| Date of publication, distribution, etc. |
2005. |
| 300 ## - PHYSICAL DESCRIPTION |
| Extent |
xlii, 327 pages ; |
| Dimensions |
22 cm. |
| 520 ## - SUMMARY, ETC. |
| Summary, etc. |
Commentary on Nārī o Śiśu Niryātana Damana Āina, 2000, act to contain oppression of women and children in Bangladesh. |
| 546 ## - LANGUAGE NOTE |
| Language note |
Includes passages in Bengali. |
| 650 #0 - SUBJECT ADDED ENTRY--TOPICAL TERM |
| Topical term or geographic name entry element |
Rape |
| Geographic subdivision |
Bangladesh. |
| 650 #0 - SUBJECT ADDED ENTRY--TOPICAL TERM |
| Topical term or geographic name entry element |
Rape |
| Geographic subdivision |
Bangladesh |
| General subdivision |
Cases. |
| 906 ## - LOCAL DATA ELEMENT F, LDF (RLIN) |
| a |
7 |
| b |
cbc |
| c |
origode |
| d |
2 |
| e |
ncip |
| f |
20 |
| g |
y-gencatlg |
| 942 ## - ADDED ENTRY ELEMENTS (KOHA) |
| Source of classification or shelving scheme |
|
| Koha item type |
Book |